[Event "SUI-ch U14"]
[Site "St Ursanne"]
[Date "2011.06.30"]
[Round "1"]
[White "Bischofberger, Dario"]
[Black "Kisters, Julius"]
[Result "1/2-1/2"]
[WhiteElo "1733"]
[BlackElo "1616"]
[PlyCount "61"]
[EventDate "2011.06.30"]
[EventType "swiss"]
[EventRounds "7"]
[EventCountry "SUI"]
[SourceTitle "EXT 2012"]
[Source "ChessBase"]
[SourceDate "2011.11.24"]
[SourceVersion "1"]
[SourceVersionDate "2011.11.24"]
[SourceQuality "1"]

1. d4 Nf6 2. c4 g6 3. Nc3 Bg7 4. e4 d6 5. f4 0-0 6. Nf3 c5 7. d5 e6 8. Be2 exd5 9. exd5 Re8 10. 0-0 Bf5 11. Bd3 Bxd3 12. Qxd3 Na6 13. a3 Qd7 14. Bd2 Re7 15. Rae1 Rae8 16. Re3 Nc7 17. Rfe1 a6 18. h3 Nh5 19. Re4 Ng3 20. Rxe7 Rxe7 21. Ng5 Nf5 22. Nge4 Nd4 23. Ne2 Nxe2+ 24. Rxe2 f5 25. Nc3 Ne8 26. Kf1 Nf6 27. b3 Qe8 28. Rxe7 Qxe7 29. Qe3 Kf7 30. Qxe7+ Kxe7 31. Ke2 1/2-1/2

[Event "SUI-ch U14"]
[Site "St Ursanne"]
[Date "2011.06.30"]
[Round "2"]
[White "Kisters, Julius"]
[Black "Welch, Fabian"]
[Result "0-1"]
[WhiteElo "1616"]
[BlackElo "1887"]
[PlyCount "104"]
[EventDate "2011.06.30"]
[EventType "swiss"]
[EventRounds "7"]
[EventCountry "SUI"]
[SourceTitle "EXT 2012"]
[Source "ChessBase"]
[SourceDate "2011.11.24"]
[SourceVersion "1"]
[SourceVersionDate "2011.11.24"]
[SourceQuality "1"]

1. Nf3 c5 2. g3 d5 3. Bg2 Nf6 4. d3 Nbd7 5. Bf4 b6 6. 0-0 Bb7 7. Nc3 Nh5 8. Qd2 a6 9. e4 dxe4 10. Nxe4 Nhf6 11. Nxf6+ Nxf6 12. Rfe1 e6 13. Rad1 Be7 14. Qc3 0-0 15. d4 Nd5 16. Qd2 Nxf4 17. Qxf4 Bd6 18. Qe3 Qc7 19. dxc5 Bxc5 20. Qe2 Rfd8 21. c3 b5 22. Rd2 Rxd2 23. Qxd2 Rd8 24. Qc2 g6 25. Rd1 Bd5 26. Nh4 Bxg2 27. Nxg2 Rd6 28. Ne3 Qd8 29. Rxd6 Qxd6 30. Qe2 f5 31. Qd1 Qb6 32. Qe2 a5 33. a3 a4 34. Nc2 Kf7 35. Nd4 Bxd4 36. cxd4 Qc6 37. Qd2 Qd5 38. Qe3 Qc4 39. Qc3 Qxc3 40. bxc3 Ke7 41. Kf1 Kd6 42. Ke2 Kd5 43. Kd3 g5 44. f3 g4 45. f4 h6 46. Kd2 Kc4 47. Kc2 h5 48. Kd2 Kb3 49. Kd3 Kxa3 50. c4 bxc4+ 51. Kc3 Ka2 52. Kc2 a3 0-1

[Event "SUI-ch U12"]
[Site "Belp"]
[Date "2010.07.04"]
[Round "7"]
[White "Kisters, Julius"]
[Black "Naegelin, Luis"]
[Result "1/2-1/2"]
[WhiteElo "1546"]
[BlackElo "1535"]
[PlyCount "61"]
[EventDate "2010.06.29"]
[EventType "swiss"]
[EventRounds "7"]
[EventCountry "SUI"]
[SourceTitle "EXT 2012"]
[Source "ChessBase"]
[SourceDate "2011.11.24"]
[SourceVersion "1"]
[SourceVersionDate "2011.11.24"]
[SourceQuality "1"]

1. Nf3 d5 2. g3 Bf5 3. Bg2 Nc6 4. d3 Nf6 5. 0-0 e5 6. Nbd2 Bd6 7. Re1 0-0 8. e4 Bg6 9. exd5 Nxd5 10. Nc4 Re8 11. Nh4 Nde7 12. Nf3 Nf5 13. Bd2 h6 14. Bc3 f6 15. a4 Nb8 16. Nfd2 c6 17. Nxd6 Nxd6 18. Bb4 Na6 19. Ba3 Rb8 20. b3 Nc7 21. Bc5 a6 22. d4 exd4 23. Bxd4 Qd7 24. Nf3 Rxe1+ 25. Nxe1 Re8 26. Nf3 Nf5 27. Bb2 Qxd1+ 28. Rxd1 Ne7 29. Rd7 Ned5 30. Nd4 Bf7 31. h4 1/2-1/2

[Event "SUI-ch U12"]
[Site "Belp"]
[Date "2010.07.01"]
[Round "1"]
[White "Lehmann, Dominik"]
[Black "Kisters, Julius"]
[Result "0-1"]
[WhiteElo "1756"]
[BlackElo "1546"]
[PlyCount "62"]
[EventDate "2010.06.29"]
[EventType "swiss"]
[EventRounds "7"]
[EventCountry "SUI"]
[SourceTitle "EXT 2012"]
[Source "ChessBase"]
[SourceDate "2011.11.24"]
[SourceVersion "1"]
[SourceVersionDate "2011.11.24"]
[SourceQuality "1"]

1. e4 d5 2. exd5 Nf6 3. Nc3 Nxd5 4. Bc4 e6 5. Nf3 Bb4 6. a3 Ba5 7. 0-0 0-0 8. Ne2 Nc6 9. Ng3 e5 10. b4 Bb6 11. Bb3 Nf6 12. Bb2 Bg4 13. h3 Bxf3 14. gxf3 Nh5 15. Nxh5 Qg5+ 16. Kh2 Qxh5 17. c4 Bd4 18. Bxd4 Nxd4 19. Bc2 Nxc2 20. Qxc2 Qxf3 21. Qc3 Qxc3 22. dxc3 Rad8 23. Rad1 f6 24. Kg3 Kf7 25. Kf3 Ke7 26. Rg1 Rxd1 27. Rxd1 Rd8 28. Rd5 Rxd5 29. cxd5 b5 30. Ke3 Kd6 31. Ke4 g6 0-1